| 000 | 00665nam a2200217 a 4500 | ||
|---|---|---|---|
| 001 | 72336 | ||
| 003 | BD-RjUL | ||
| 005 | 20211209082240.0 | ||
| 008 | 170516s1968 nyu 000 0 eng d | ||
| 035 | _a(BD-RjUL)72553 | ||
| 040 |
_aSOI _cSOI _dBD-RjUL _beng |
||
| 041 | _aeng | ||
| 082 |
_223 _a910.02 _bRAL 1968 |
||
| 100 | 1 |
_aRay, John R _9213920 |
|
| 245 | 1 | 0 |
_aLaboratory exercises in physical geography / _cJohn R. Ray and Robert H. Fuson |
| 260 |
_aLondon : _bMcGraw-Hill book company, _c1968. |
||
| 300 |
_aix,159 p. : _bill. ; _c27 cm. |
||
| 650 | 0 |
_aPhysical geography _xLaboratory manuals. _9213921 |
|
| 700 |
_aFuson, Robert H. _9213922 |
||
| 942 |
_2ddc _cBK |
||
| 999 |
_c72336 _d72336 |
||